|
|
|
|
| LEADER |
00000nam a2200000 a 4500 |
| 001 |
vtls008704305 |
| 003 |
SK-MaSNL |
| 005 |
20260426002127.0 |
| 008 |
240318s2006 pl 001 0 pol |
| 015 |
|
|
|a SNBZSA2007-00113
|
| 020 |
|
|
|a 8324205586
|q (brož.)
|
| 035 |
|
|
|a BFBD157A-8719-497F-B845-F00556496EDC
|
| 035 |
|
|
|a urn:nbn:sk:snk-amldtc
|
| 035 |
|
|
|a urn:nbn:sk:snk-am008zrf
|
| 040 |
|
|
|a SNK
|b slo
|c SNK
|e AACR2
|
| 041 |
0 |
|
|a pol
|
| 044 |
|
|
|a pl
|c PL
|
| 072 |
|
7 |
|a 316.3
|x Globálne spoločnosti. Sociálna štruktúra. Sociálne skupiny
|2 konspekt
|
| 080 |
|
|
|a 316.356.4
|x (4-191.2)
|x (4-11)
|2 2001
|
| 080 |
|
|
|a 316.64
|2 2001
|
| 080 |
|
|
|a 316.75
|2 2001
|
| 100 |
1 |
|
|a Bobrownicka, Maria,
|d 1920-
|4 aut
|9 297163
|
| 245 |
1 |
0 |
|a Patologie tożsamości narodowej w postkomunistycznych krajach słowiańskich
|b uwagi o genezie i transformacjach kategorii tożsamości
|c Maria Bobrownicka
|
| 260 |
|
|
|a Kraków
|b Towarzystwo Autorów i Wydawców Prac Naukowych Universitas
|c c2006
|
| 300 |
|
|
|a 275, [2] s. c21 cm
|
| 500 |
|
|
|a Reg.
|
| 650 |
0 |
7 |
|a národná identita
|2 SNKPH
|9 1665
|
| 650 |
0 |
7 |
|a sociológia kultúry
|2 SNKPH
|9 888
|
| 650 |
0 |
7 |
|a slovanské národy
|2 SNKPH
|9 591804
|
| 651 |
|
7 |
|a Európa stredná
|2 snkbuxs
|9 23970
|
| 651 |
|
7 |
|a Európa východná
|2 SNKPHgeo
|9 167635
|
| 655 |
|
7 |
|a monografie
|2 SNKPH
|9 70139
|
| 919 |
|
|
|a 83-242-0558-6
|
| 958 |
|
|
|a ZS
|
| 958 |
|
|
|a SS
|
| 958 |
|
|
|a NB
|
| 958 |
|
|
|a PL
|
| 999 |
|
|
|c 910508
|d 912438
|
| 952 |
|
|
|a SNK
|b SNK
|y PREZ
|7 0
|p 17A0516897
|o snkSC 124323
|i snk2006/14630
|8 2
|g 8.46
|0 0
|1 0
|4 0
|d 2006-05-26
|f 1
|l 0
|r 2025-06-06 00:00:00
|w 2026-02-24
|